01434nam a22002895i 450000100060000000300090000600500170001500700030003200800410003508000120007608000120008810000440010024503710014426000560051530000310057149000540060253000350065665100290069165100290072070000230074970000400077283000620081285200240087485600890089899900170098795201400100453238ES-MaACL20230906162730.0t|950911s1844 sp ||||1| spa d a94(495) a94(450)1 aDuponchel, Augustin-Amédée.914995610aHistorias de Grecia e Italia desde los tiempos más remotos hasta 1840 / cpor A.A. Duponchel ; adornadas con 33 láminas grabadas en acero que representan trages [sic], armas, muebles y monumentos... y embellecidas con un escelente [sic] atlas geográfico-histórico, compuesto de nueve mapas iluminados... dirigido por A. Houzé ; traducidas por Juan Cortada. aBarcelona : b[s.n.], c1844 (fImp. de A. Brusí) a2 v. : blám. ; c22 cm.1 aEl mundo: historia de todos los pueblos ; v12-13 aDisponible en formato digital. 4aGrecia-xHistoria.98777 4aItalia-xHistoria.988661 aHouzé, A.9643681 aCortada, Juan (d1805-1868)91499551 aEl mundo: historia de todos los pueblos ; v12-1391824264 aES-MaACLjD-4094-954 uhttp://bdh-rd.bne.es/viewer.vm?id=0000005060&page=1 zBiblioteca Digital Hispánica c53238d53238 001040708Colección_digitalaATENEOMbATENEOMcSVId2008-01-17eSCl0oD-4094-5p901055938r2023-02-23 00:00:00w2023-02-23yMONANT